Biggest Airports Named For A Person - Statistics

General Stats
  • This quiz has been taken 20 times
  • The average score is 6 of 15
Answer Stats
# Location Person % Correct
63.2 New York John F. Kennedy
100%
70.0 Paris Charles de Gaulle
84%
80.0 Chicago Edward Henry O'Hare
79%
77.8 Delhi Indira Gandhi
74%
48.4 Houston George Bush
53%
66.1 Madrid Adolfo Suárez
47%
46.8 Toronto Lester Pearson
42%
58.8 Charlotte Ben Edward Douglas
32%
52.7 Doha Hamad bin Khalifa Al Thani
26%
49.1 Jeddah King Abdulaziz
26%
50.1 Manila Ninoy Aquino
21%
54.8 Mumbai Chhatrapati Shivaji Maharaj
16%
58.4 Las Vegas Harry Reid
11%
55.0 Barcelona Josep Tarradellas
11%
49.2 Rome Leonardo di Vinci
11%
No matching quizzes found
Score Distribution
Percent of People with Each Score
Percentile by Number Answered
Your Score History
You have not taken this quiz